00822nam a2200205 a 450000100100000000500170001000800410002702000150006804000250008310000330010824500960014125000120023726000730024930000340032250000370035650000340039350000660042795201060049399900170059900004337220201002040845.0140311s1989 sp af 001 0 spa d a8472324826 aDO-SdBNPbspacBNPHU1 aManzano Manzano, Juan93486010aCristóbal Colón :bsiete años decisivos de su vida 1485-1492 /cJuan Manzano Manzano. a2a. ed. aMadrid, :bAgencia Española de Cooperación Internacional,c1989. a612 p. :bil., lam. ;c26 cm. aIncluye notas a pie de páginas aIncluye índice de láminas aIncluye índice onómastico, toponímico y bibliográfico 0010507-18MOaGRbGRcOId2014-03-11iLF1l0o p43372-10r2020-06-25w2020-06-25y1ZNo se presta c42861d42861